| 000 | 00696nam a2200217 a 4500 | ||
|---|---|---|---|
| 001 | BRCA_4119 | ||
| 005 | 20190320204542.0 | ||
| 008 | 120410s1906----mx-#######---#000-0#spa-# | ||
| 041 | _aspa | ||
| 044 | _amx | ||
| 050 | 4 |
_aF1232.M3 _b.C38 1906 |
|
| 245 | 1 | 0 | _aCausa instruida contra el general Leonardo Márquez por graves delitos del orden militar. |
| 260 |
_aMéxico _bLibrería de la Vda. de Ch. Bouret _c1906 |
||
| 300 |
_aviii, 288 p. _c21 cm. |
||
| 440 | 0 |
_aDocumentos inéditos ó muy raros para la historia de México _v8 _910651 |
|
| 500 | _aC147 | ||
| 600 | 1 | 4 |
_aMárquez, Leonardo _d1820-1913 _910652 |
| 651 | 4 |
_aMéxico _xHistoria _y1821-1861 _9618 |
|
| 902 | _aGFM | ||
| 942 |
_2lcc _cB |
||
| 999 |
_c3835 _d3835 |
||